| 000 | 00536nam a22001577a 4500 | ||
|---|---|---|---|
| 020 | _qHard Cover. | ||
| 082 | _a621.3 | ||
| 100 | _aAhmad, Iftikhar | ||
| 245 |
_aAugmentation of embedded zerotree wavelet coding through compressed sensing Methodology / _cIftikhar Ahmad. |
||
| 260 |
_aIslamabad: _bMCS - NUST, _c2016. |
||
| 300 |
_a63 p. : _bill. ; _c30cm. _e+CD. |
||
| 650 |
_aElectrical Engineering MS-Thesis. _916073 |
||
| 700 |
_aDr. Imran Tauqir _934961 |
||
| 942 |
_2ddc _cTHE |
||
| 999 |
_c540907 _d540907 |
||